| 000 | 00944nam a2200181Ia 4500 | ||
|---|---|---|---|
| 008 | 090630s9999 xx 000 0 und d | ||
| 082 | _b12156 | ||
| 100 | _aरघुवंशी रमेश. | ||
| 245 |
_aअलौकिक; असाधारण; असामान्य विचारसामर्थ्य कसे मिळवावे. _cरघुवंशी रमेश. |
||
| 260 |
_bगजानन बुक डेपो मुंबई. _c1984 |
||
| 300 | _a83 | ||
| 600 | _aरघुवंशी रमेश. | ||
| 630 | _aअलौकिक; असाधारण; असामान्य विचारसामर्थ्य कसे मिळवावे. | ||
| 655 | _aइतर. | ||
| 700 | _aरघुवंशी रमेश. | ||
| 730 | _aअलौकिक; असाधारण; असामान्य विचारसामर्थ्य कसे मिळवावे. | ||
| 942 | _cBOOK | ||
| 999 |
_c264012 _d264012 |
||